000 00569nam a2200229Ia 4500
003 OSt
005 20221005123506.0
006 a|||||r|||| 00| 0
007 ta
008 221004b |||||||| |||| 00| 0 eng d
024 _a57945
037 _cTextual
040 _aCRL
_cCRL
_beng
041 _2eng
_aeng
082 _aV2:21wI83, A
100 _aCaldecott R M
_9633735
245 0 _aLife of Babar, Emperor of Hindostan
260 _c1870
650 _aHISTORY
942 _hV2:21wI83, A
_cTEXL
_2cc
999 _c1047584
_d1047584